| 000 | 00605nam a2200181 i 4500 | ||
|---|---|---|---|
| 001 | 51910 | ||
| 003 | ES-MaACL | ||
| 005 | 20250731063027.0 | ||
| 007 | t| | ||
| 008 | 030820s1882 fr ||||1| fre d | ||
| 100 | 1 |
_aDarwin, Charles, _d1809-1882 _942770 |
|
| 245 | 1 | 3 |
_aLa faculté motrice dans les plantes / _cpar Charles Darwin ; traduit, annoté et augmente d'une préface par Edouard Heckel. |
| 260 |
_aParis : _bC. Reiwald, _c1882 ( _fCh. Blind) |
||
| 300 |
_aXXVI, 599 p. : _bil. ; _c24 cm. |
||
| 700 | 1 |
_aHeckel, Edouard. _962281 |
|
| 852 |
_aES-MaACL _jB-1649 |
||
| 999 |
_c51910 _d51910 |
||